000 00416nam a2200181Ia 4500
008 240510s9999 xx 000 0 und d
020 _a9780521684293
041 _aEng
082 _a420
082 _bD52
100 _aDOFF,A.
245 0 _aTeach English:A Training Course for Teachers
260 _bIndia:Cambridge University Press
260 _c1988
300 _a286 p.
942 _2ddc
942 _cLBK
999 _c29006
_d29006
945 _a1
_bMadushi Gamage
_c1
_dMadushi Gamage